| 000 | 00655nam a2200205 a 4500 | ||
|---|---|---|---|
| 001 | 18545 | ||
| 003 | CO-ViMGA | ||
| 008 | 141112s2004 ck r 000 u spa d | ||
| 020 | _a9806168062 | ||
| 040 |
_aCO-ViMGA _bspa _cCO-ViMGA |
||
| 082 | 0 | 4 | _a153.4 P835 |
| 100 | 1 |
_aPuente, Anibal; Poggioli, Lisette; Navarro, Armando _926382 |
|
| 245 | 1 | 0 | _aPsicologia cognoscitiva . Desarrollo y perspectivas |
| 260 |
_aCaracas (Venezuela), _cMcGraw Hill, _c1989 |
||
| 300 | _a471.p. | ||
| 590 |
_aForma de adquisición : Donación Atenas - - Precio : _30.000 |
||
| 650 | 1 | 4 |
_aPSICOLOGIA COGNOSCITIVA _926383 |
| 650 | 1 | 4 | _aTEORIA DEL CONOCIMIENTO |
| 942 |
_2ddc _cBK |
||
| 999 |
_c27811 _d27811 |
||